[Event "Cuenca Crespi Memorial"]
[Site "Cuenca"]
[Date "2024.04.24"]
[Round "2"]
[White "Tenesaca Argudo, Juan"]
[Black "Lopez Revelo, Luis"]
[Result "1-0"]
[WhiteElo "2017"]
[BlackElo "1681"]
[PlyCount "43"]
[EventDate "2024.04.24"]
[EventType "swiss"]
[EventRounds "9"]
[EventCountry "ECU"]
[SourceTitle "EXT 2025"]
[Source "ChessBase"]
[SourceDate "2024.10.14"]
[SourceVersion "1"]
[SourceVersionDate "2024.10.14"]
[SourceQuality "1"]

1. d4 d5 2. c4 e6 3. Nc3 h6 4. Nf3 Nf6 5. a3 b6 6. cxd5 Nxd5 7. e4 Nxc3 8. bxc3 Bd6 9. Bb5+ c6 10. Bd3 Nd7 11. 0-0 e5 12. c4 exd4 13. e5 Bc7 14. e6 Ne5 15. Nxe5 Bxe5 16. exf7+ Kd7 17. Re1 Bd6 18. c5 bxc5 19. Qg4+ Kc7 20. Qxg7 Bd7 21. Bd2 a5 22. Rab1 1-0